[Event "Wch U08"]
[Site "Montesilvano"]
[Date "2024.11.23"]
[Round "8"]
[White "Dhairya, Amit Shroff"]
[Black "Ranganathan, Aadith"]
[Result "0-1"]
[WhiteElo "1444"]
[BlackElo "1645"]
[PlyCount "112"]
[EventDate "2024.11.15"]
[EventType "swiss"]
[EventRounds "11"]
[EventCountry "ITA"]
[SourceTitle "CB48_2024"]
[SourceDate "2024.11.28"]
[SourceVersion "1"]
[SourceVersionDate "2024.11.28"]
[SourceQuality "1"]

1. e4 e5 2. Nf3 Nc6 3. d4 exd4 4. Bc4 Nf6 5. e5 d5 6. Bb5 Ne4 7. Nxd4 Bd7 8. Bxc6 bxc6 9. 0-0 Bc5 10. f3 Ng5 11. Be3 Ne6 12. f4 Qb8 13. f5 Nxd4 14. Bxd4 Bxd4+ 15. Qxd4 Qb6 16. c3 Rb8 17. Nd2 Qxd4+ 18. cxd4 Rxb2 19. Rab1 Rxb1 20. Rxb1 Ke7 21. Rb7 Ra8 22. Rxc7 Kd8 23. Rb7 Kc8 24. Rb3 Bxf5 25. Rc3 Kc7 26. Ra3 a6 27. Nb3 Bd3 28. Nc5 Bc4 29. Rf3 f6 30. Ne6+ Kd7 31. Nxg7 fxe5 32. dxe5 d4 33. Rf4 c5 34. Rf6 Rg8 35. Rd6+ Kc7 36. Nh5 Re8 37. Rh6 Rxe5 38. Rxh7+ Kc6 39. a4 d3 40. Rh6+ Be6 41. Nf4 d2 42. Rxe6+ Rxe6 43. Nxe6 d1Q+ 44. Kf2 Qxa4 45. Ng7 Qd4+ 46. Kf3 Qxg7 47. g4 a5 48. h4 a4 49. h5 a3 50. Kf4 a2 51. g5 a1Q 52. h6 Qae5+ 53. Kg4 Qexg5+ 54. Kf3 Qc3+ 55. Ke2 Qgd2+ 56. Kf1 Qcc1# 0-1

[Event "Wch U08"]
[Site "Montesilvano"]
[Date "2024.11.19"]
[Round "5"]
[White "Ranganathan, Aadith"]
[Black "Saathvik, Chakravarthy Ramaya"]
[Result "1-0"]
[WhiteElo "1645"]
[BlackElo "1466"]
[PlyCount "99"]
[EventDate "2024.11.15"]
[EventType "swiss"]
[EventRounds "11"]
[EventCountry "ITA"]
[SourceTitle "CB48_2024"]
[SourceDate "2024.11.28"]
[SourceVersion "1"]
[SourceVersionDate "2024.11.28"]
[SourceQuality "1"]

1. e4 c5 2. Nf3 Nc6 3. d4 cxd4 4. Nxd4 Nf6 5. Nc3 e5 6. Ndb5 d6 7. Nd5 Nxd5 8. exd5 Ne7 9. c4 Ng6 10. Bd3 a6 11. Nc3 Be7 12. 0-0 0-0 13. Bxg6 fxg6 14. f4 Qb6+ 15. Kh1 exf4 16. Qe2 Bg5 17. Ne4 Qd8 18. Nxg5 Qxg5 19. Bxf4 Bg4 20. Qe3 Qf6 21. Qd2 Rae8 22. Rf2 Re2 23. Rxe2 Bxe2 24. Qxe2 Qxf4 25. Re1 Qf2 26. h3 Qg3 27. Qe6+ Kh8 28. c5 h5 29. cxd6 Rf2 30. Rg1 Rf8 31. d7 Qg5 32. Re1 Rd8 33. d6 Kh7 34. Qf7 Qf5 35. Qxf5 gxf5 36. Re7 Kg6 37. Kg1 Kf6 38. Kf2 g5 39. Ke3 f4+ 40. Ke4 h4 41. a3 a5 42. a4 b6 43. b3 Kg6 44. Ke5 Kh6 45. Kf5 Rf8+ 46. Kg4 Rd8 47. Re6+ Kh7 48. Kxg5 Rxd7 49. Re7+ Rxe7 50. dxe7 1-0

[Event "GER-ch U08"]
[Site "Willingen"]
[Date "2024.05.24"]
[Round "5"]
[White "Ranganathan, Aadith"]
[Black "Tomovski, Leon"]
[Result "1-0"]
[WhiteElo "1666"]
[BlackElo "1297"]
[PlyCount "79"]
[EventDate "2024.05.22"]
[EventType "swiss"]
[EventRounds "7"]
[EventCountry "GER"]
[SourceTitle "CBM 220 Extra"]
[Source "ChessBase"]
[SourceDate "2024.07.31"]
[SourceVersion "1"]
[SourceVersionDate "2024.07.31"]
[SourceQuality "1"]

1. e4 c6 2. d4 d5 3. exd5 cxd5 4. Bd3 Nc6 5. c3 Qc7 6. Nf3 Bg4 7. h3 Bh5 8. Bg5 h6 9. Bh4 e5 10. g4 e4 11. gxh5 exd3 12. Qxd3 Bd6 13. Nbd2 Nge7 14. Rg1 g6 15. hxg6 fxg6 16. Bg3 Bxg3 17. fxg3 0-0-0 18. 0-0-0 Nb4 19. Qb1 Nf5 20. a3 Nc6 21. Rde1 Ncxd4 22. Nxd4 Nxd4 23. Qxg6 Rdg8 24. Qd3 Nc6 25. g4 d4 26. Kb1 dxc3 27. Qxc3 Qb6 28. Nc4 Qc7 29. Rgf1 h5 30. Rd1 hxg4 31. Rf7 gxh3 32. Rxc7+ Kxc7 33. Qe3 h2 34. Qf4+ Kc8 35. Nd6+ Kb8 36. Nb5+ Ka8 37. Nc7+ Kb8 38. Na6+ Ka8 39. Qb8+ Nxb8 40. Nc7# 1-0

[Event "GER-ch U08"]
[Site "Willingen"]
[Date "2024.05.22"]
[Round "1"]
[White "Ranganathan, Aadith"]
[Black "Peterson, James"]
[Result "1-0"]
[WhiteElo "1666"]
[BlackElo "1171"]
[PlyCount "103"]
[EventDate "2024.05.22"]
[EventType "swiss"]
[EventRounds "7"]
[EventCountry "GER"]
[SourceTitle "CBM 220 Extra"]
[Source "ChessBase"]
[SourceDate "2024.07.31"]
[SourceVersion "1"]
[SourceVersionDate "2024.07.31"]
[SourceQuality "1"]

1. e4 c6 2. d4 d5 3. exd5 cxd5 4. Bd3 Nc6 5. c3 Nf6 6. h3 g6 7. Bf4 Bg7 8. Nf3 0-0 9. 0-0 b6 10. Re1 Bb7 11. Nbd2 Re8 12. Bh2 e6 13. Ne5 Nxe5 14. Bxe5 Nd7 15. Bxg7 Kxg7 16. Nf3 Qf6 17. Bb5 Bc8 18. Ne5 Rd8 19. Bxd7 Bxd7 20. Re3 Be8 21. Rf3 Qe7 22. Qd2 f6 23. Ng4 f5 24. Qh6+ Kg8 25. Ne5 Qg7 26. Qe3 Bf7 27. h4 h5 28. Qf4 Rf8 29. Re1 a6 30. Rg3 Kh8 31. Nxf7+ Qxf7 32. Rxe6 Qxe6 33. Qh6+ Kg8 34. Rxg6+ Qxg6 35. Qxg6+ Kh8 36. Qxh5+ Kg8 37. Qg6+ Kh8 38. h5 Ra7 39. Qd6 Kg8 40. Qxd5+ Raf7 41. Qe6 Kh7 42. Qg6+ Kh8 43. h6 Rh7 44. d5 Rff7 45. Qxb6 Rf8 46. c4 f4 47. c5 f3 48. gxf3 Re7 49. Kf1 Rfe8 50. Qb4 Rf8 51. c6 Ref7 52. Qc3+ 1-0